| 000 | 00000nam##2200000za#4500 |
| 001 | 9.535130 |
| 003 | CaOODSP |
| 005 | 20220623092431 |
| 007 | ta |
| 008 | 150406|2001||||xxc||||| f|0| 0 eng|d |
| 020 | |a0-662-65764-0 |
| 040 | |aCaOODSP|beng |
| 041 | |aeng |
| 041 | |afre |
| 043 | |an-cn--- |
| 086 | 1 |aC21-23/27-2001 |
| 110 | 1 |aCanada. |bIndustry Canada. |
| 245 | 14|aThe location of higher value-added activities / |cby Steven Globerman. |
| 260 | |aOttawa - Ontario : |bIndustry Canada |c2001. |
| 300 | |aEnglish text, iii, 47p. : |bgraphs, tables ; |c23 cm. |
| 490 | 1 |aOccasional paper|v27 |
| 500 | |a"The primary purpose of this report is to identify and assess the implications of industrial clustering for the future location of technology-or knowledge-intensive activities in North America."--Executive summary. |
| 504 | |aBibliography. |
| 520 | 3 |aThe primary purpose of this report is to identify and assess the implications of industrial clustering for the future location of technology-or knowledge-intensive activities in North America.--Executive summary |
| 546 | |aBilingual |
| 563 | |aSoftcover |
| 590 | |a01-43|b2001-10-26 |
| 690 | 07|aInformation technology|2gcpds |
| 690 | 07|aIndustrial policy|2gcpds |
| 720 | 1 |aHardi, Peter |
| 776 | 0#|tThe location of higher value-added activities : |w(CaOODSP)9.570626 |
| 776 | 0#|tLa localisation des activités à plus grande valeur ajoutée : |w(CaOODSP)9.601273 |
| 792 | |tLa localisation des activités à plus grande valeur ajoutée / |efre|w(CaOODSP)9.535131 |
| 830 | #0|aOccasional paper (Canada. Industry Canada)|v27|w(CaOODSP)9.509050 |